Statistics of mines in India. (Record no. 692645)

MARC details
000 -LEADER
fixed length control field 00808nam a2200241Ia 4500
003 - CONTROL NUMBER IDENTIFIER
control field OSt
005 - DATE AND TIME OF LATEST TRANSACTION
control field 20220927105442.0
008 - FIXED-LENGTH DATA ELEMENTS--GENERAL INFORMATION
fixed length control field 220926b |||||||| |||| 00| 0 eng d
037 ## - SOURCE OF ACQUISITION
Terms of availability Reference Collections
040 ## - CATALOGING SOURCE
Original cataloging agency RTL
Transcribing agency RTL
Language of cataloging eng
041 ## - LANGUAGE CODE
Source of code eng
Language code of text/sound track or separate title eng
110 ## - MAIN ENTRY--CORPORATE NAME
Corporate name or jurisdiction name as entry element "INDIA, LABUR (Ministry of), MINES SAFETY (Directorate- general of)"
9 (RLIN) 372656
245 #0 - TITLE STATEMENT
Title Statistics of mines in India.
260 ## - PUBLICATION, DISTRIBUTION, ETC.
Place of publication, distribution, etc. Dhanbad
Name of publisher, distributor, etc. Director general of Mines Safely.
Date of publication, distribution, etc. 1972
300 ## - PHYSICAL DESCRIPTION
Extent "ii, 196p"
Dimensions cm.
700 ## - ADDED ENTRY--PERSONAL NAME
Personal name "INDIA, LABUR (Ministry of), MINES SAFETY (Directorate- general of)"
9 (RLIN) 372657
942 ## - ADDED ENTRY ELEMENTS (KOHA)
Classification part "X9(HZ).2.N72 S, L2"
Koha item type
Holdings
Withdrawn status Lost status Damaged status Not for loan Home library Current library Date acquired Total Checkouts Full call number Barcode Date last seen Price effective from Koha item type
        Ratan Tata Library Ratan Tata Library 2022-09-27   "X9(HZ).2.N72 S L2" RT1409082 2022-09-27 2022-09-27  
Copyright @ Delhi University Library System